Countries that Produce the Most Cars - Statistics

General Stats
  • This quiz has been taken 100 times
  • The average score is 9 of 10
Answer Stats
# of Cars Country % Correct
26.08 million China
100%
9.17 million United States
99%
7.85 million Japan
97%
3.31 million Germany
96%
4.40 million India
91%
2.25 million Brazil
89%
3.46 million South Korea
87%
3.15 million Mexico
86%
2.10 million Spain
77%
1.69 million Thailand
48%
No matching quizzes found
Score Distribution
Percent of People with Each Score
Percentile by Number Answered
Your Score History
You have not taken this quiz